| 000 | 01565cab a2200217 4500 | ||
|---|---|---|---|
| 001 | ABS46452 | ||
| 008 | 090401t xxu||||| |||| 00| 0 eng d | ||
| 035 | _a(Sirsi) u58318 | ||
| 041 | _aeng | ||
| 245 | _aPedgrift and others v Oxfordshire County Council | ||
| 350 | _a0 | ||
| 490 |
_aProperty and Compensation Reports _v63 P&CR 246-259(7) |
||
| 520 | _aCA 31 July 1991. An appeal by the plaintiffs (P) against a decision concerning the validity of planning permission for the extraction of limestone. In 1947, Wallace Industries were granted permission to extract limestone from land that they owned, subject to conditions, including `access to the site was to be way of the road from Stourwell Barn to Wigginton Heath, this road to be improved to the reas- onable satisfaction of the county surveyor`. No mineral workings were carried out, and no improvements to the road were made. P sought a declaration that the planning permission for mineral workings was still valid. High Court held that the condition affected land outside the control of the applicant, and was void. P appealed. Held, dismissing the appeal that the condition was invalid as it imposed positive obligations on P to carry out work on land outside his control which were unreasonable, and secondly it was not clear that the landowner could ensure that the conditions were complie | ||
| 650 | _aACCESS ROAD | ||
| 650 | _aPLANNING CONDITIONS | ||
| 650 | _aPLANNING PERMISSION | ||
| 650 | _aVALIDITY | ||
| 690 | _aPLANNING LAW AND PRACTICE-CASE LAW | ||
| 942 | _n0 | ||
| 948 | _c04/03/1997 | ||
| 999 |
_c35590 _d35590 |
||